U2E3 vocabulario Quiz Stats

 Plays Quiz not verified by Sporcle

Challenge
Share
Tweet
Embed
Score 0/51 Timer 05:00
0 Plays Today
Inglés Español % Correct
carrotzanahorias
100%
breadel pan
100%
oilel aceite
93.3%
vegetablesverduras
93.3%
pearperas
93.3%
potatoeslas papas
93.3%
fishpescado
93.3%
saltla sal
93.3%
tomatostomates
93.3%
sandwich (or pie in other countries)la torta
86.7%
napkinservilleta
86.7%
taco jointla taqueria
86.7%
applelas manzanas
86.7%
actor el actor
86.7%
singerel cantante
86.7%
black pepperla pimienta
80%
flourharina
80%
onionslas cebollas
80%
cherrieslas cerezas
80%
the billla cuenta
80%
fulllleno
80%
wetmojado
80%
dryseco
80%
to offerofrecer
80%
scenela escena
80%
science fictionla ciencia ficción
80%
Inglés Español % Correct
comedyla comedia
80%
seriesla serie
80%
soap operala telenovela
80%
subject or themeel tema
80%
roleel papel
80%
to miss or lackfaltar
80%
to matterimportar
80%
Cheers!salud
73.3%
emptyvacio
73.3%
comedianel comediante
73.3%
adventureaventuras
73.3%
new releaseel estreno
73.3%
theatrical productionobra de teatro
73.3%
to interestinteresar
73.3%
to bothermolestar
73.3%
to fascinatefascinar
73.3%
tableclothel mantel
66.7%
silverwarecubiertos
66.7%
take a strolldar una vuelta
66.7%
to leave a tipdejar la propina
60%
romanticromántico
60%
to love (not used with people!!)encantar
60%
to dislikedisgustar
60%
to hatechocar
53.3%
to gross outdar asco
53.3%

You're not logged in!

Compare scores with friends on all Sporcle quizzes.
Join for Free
OR
Log In

You Might Also Like...

Show Comments

Extras

Top Quizzes Today


Score Distribution

Your Account Isn't Verified!

In order to create a playlist on Sporcle, you need to verify the email address you used during registration. Go to your Sporcle Settings to finish the process.

Report this User

Report this user for behavior that violates our Community Guidelines.

Details: